[Event "Harrogate 4NCL op 31st"]
[Site "Harrogate"]
[Date "2024.01.20"]
[Round "2"]
[White "Pilley, Jack"]
[Black "Lampard, Alice"]
[Result "1-0"]
[WhiteElo "1791"]
[BlackElo "1758"]
[PlyCount "139"]
[EventDate "2024.01.19"]
[EventType "swiss"]
[EventRounds "5"]
[EventCountry "ENG"]
[SourceTitle "CB05_2024"]
[SourceDate "2024.01.31"]
[SourceVersion "1"]
[SourceVersionDate "2024.01.31"]
[SourceQuality "1"]

1. e4 c5 2. Nf3 Nc6 3. Bb5 g6 4. 0-0 Bg7 5. c3 Nf6 6. Re1 0-0 7. d4 cxd4 8. cxd4 d5 9. e5 Ne4 10. Nc3 Nxc3 11. bxc3 Na5 12. Ba3 Bf5 13. h3 Rc8 14. g4 Bd7 15. Bxd7 Qxd7 16. Kg2 Nc4 17. Bc1 Rc6 18. Bf4 Rfc8 19. Rc1 b5 20. Qb3 a6 21. a4 bxa4 22. Qxa4 Nb2 23. Qc2 Nc4 24. Ra1 Rb6 25. Reb1 Qc6 26. Rxb6 Qxb6 27. Qa2 a5 28. Nd2 Qc6 29. Qa4 Qxa4 30. Rxa4 Nxd2 31. Bxd2 Ra8 32. c4 dxc4 33. Rxa5 Rc8 34. Bc3 Kf8 35. Kf3 Ke8 36. Ra7 Bf8 37. d5 Bg7 38. Ke4 Rd8 39. Rc7 Bf8 40. f4 Ra8 41. Rxc4 Kd7 42. f5 Bh6 43. e6+ fxe6 44. fxe6+ Kd8 45. Be5 Rc8 46. Ra4 Rc1 47. Ra8+ Rc8 48. Rxc8+ Kxc8 49. Kd4 Bc1 50. Kc5 Kd8 51. d6 exd6+ 52. Bxd6 Ke8 53. Kd5 h5 54. gxh5 gxh5 55. Ke5 Bd2 56. Kf5 h4 57. Be5 Be1 58. Bf6 Bf2 59. Kg4 Be1 60. Bxh4 Bc3 61. Kf5 Bb2 62. Bf6 Bc1 63. h4 Kf8 64. Kg6 Ba3 65. h5 Bc1 66. h6 Bxh6 67. Kxh6 Kg8 68. Kg6 Kf8 69. e7+ Ke8 70. Kg7 1-0

[Event "Harrogate 4NCL op 31st"]
[Site "Harrogate"]
[Date "2024.01.20"]
[Round "3"]
[White "Sasikumar, Srivathsan"]
[Black "Pilley, Jack"]
[Result "1/2-1/2"]
[WhiteElo "1696"]
[BlackElo "1791"]
[PlyCount "75"]
[EventDate "2024.01.19"]
[EventType "swiss"]
[EventRounds "5"]
[EventCountry "ENG"]
[SourceTitle "CB05_2024"]
[SourceDate "2024.01.31"]
[SourceVersion "1"]
[SourceVersionDate "2024.01.31"]
[SourceQuality "1"]

1. e4 c6 2. d4 d5 3. exd5 cxd5 4. c4 Nf6 5. Nc3 Nc6 6. Nf3 a6 7. c5 Bg4 8. Be2 e6 9. Be3 Be7 10. 0-0 0-0 11. a3 Qc7 12. b4 Rad8 13. Bg5 Ne4 14. Bxe7 Qxe7 15. Qd3 Bf5 16. Qe3 Bg6 17. Rac1 e5 18. Nxe4 dxe4 19. Nxe5 Nxe5 20. dxe5 Qxe5 21. Bc4 Qd4 22. Qe2 Rfe8 23. Rfd1 Qe5 24. Rxd8 Rxd8 25. Rd1 Rd4 26. h3 h5 27. Bb3 a5 28. Rxd4 Qxd4 29. Qe3 Qa1+ 30. Kh2 Kh7 31. Bc2 Qb2 32. Qb3 Qe5+ 33. Kg1 Qa1+ 34. Kh2 Qe5+ 35. g3 Qf6 36. Kg2 Qf3+ 37. Kg1 Qf5 38. Kg2 1/2-1/2

[Event "GBR-ch Major op 109th"]
[Site "Leicester"]
[Date "2023.07.24"]
[Round "3"]
[White "Pilley, Jack"]
[Black "Berkley, Stephen W"]
[Result "1-0"]
[WhiteElo "1785"]
[BlackElo "1587"]
[PlyCount "93"]
[EventDate "2023.07.22"]
[EventType "swiss"]
[EventRounds "9"]
[EventCountry "ENG"]
[SourceTitle "EXT 2024"]
[Source "ChessBase"]
[SourceDate "2023.10.10"]
[SourceVersion "1"]
[SourceVersionDate "2023.10.10"]
[SourceQuality "1"]

1. e4 e6 2. d4 d5 3. Nd2 Nf6 4. e5 Nfd7 5. Bd3 c5 6. c3 Nc6 7. Ngf3 Rb8 8. Qe2 a6 9. 0-0 b5 10. a4 c4 11. Bc2 b4 12. Re1 h6 13. Nf1 Na5 14. N3d2 b3 15. Bb1 Nb6 16. f4 g6 17. g4 Bd7 18. f5 gxf5 19. gxf5 Qc8 20. fxe6 Bxe6 21. Ng3 Kd8 22. Nf3 Kc7 23. Nh4 Qd8 24. Nhf5 Nc6 25. Rf1 Nc8 26. Nh5 Kb7 27. Nf6 N6e7 28. Be3 Nxf5 29. Bxf5 Ne7 30. Bg4 Qc8 31. Bf3 Ka7 32. Kh1 Bg7 33. Nh5 Bf8 34. Nf4 Qd7 35. Nxe6 fxe6 36. Bg4 Nc6 37. Rf6 Nd8 38. Bh5 Rb7 39. Qd2 Qe7 40. Qg2 Bg7 41. Rg6 Qh4 42. Qg4 Qe7 43. Bf2 Qf8 44. Bh4 Rg8 45. Bxd8 Qxd8 46. Qxe6 Rb6 47. Qxb6+ 1-0

[Event "Coventry op"]
[Site "Coventry"]
[Date "2023.02.19"]
[Round "4"]
[White "Pilley, Jack"]
[Black "Shearsby, Jude"]
[Result "0-1"]
[WhiteElo "1716"]
[BlackElo "2002"]
[PlyCount "65"]
[EventDate "2023.02.18"]
[EventType "swiss"]
[EventRounds "5"]
[EventCountry "ENG"]
[SourceTitle "CBM 212 Extra"]
[Source "ChessBase"]
[SourceDate "2023.03.31"]
[SourceVersion "1"]
[SourceVersionDate "2023.03.31"]
[SourceQuality "1"]

1. e4 c5 2. Nf3 d6 3. Bb5+ Nd7 4. 0-0 a6 5. Bd3 Ngf6 6. c3 g6 7. Bc2 Bg7 8. d4 cxd4 9. cxd4 e5 10. Nc3 0-0 11. Re1 b5 12. dxe5 Nxe5 13. Nxe5 dxe5 14. Qxd8 Rxd8 15. Bg5 Be6 16. Rad1 Rd4 17. Be3 Rb4 18. Bc1 Rc8 19. Bd3 Rd4 20. Be3 Rd7 21. f3 Bf8 22. Be2 Rdc7 23. Bg5 Nh5 24. a4 Bc5+ 25. Kf1 f6 26. Bh4 Bb3 27. Ra1 g5 28. Bf2 Bxf2 29. Kxf2 b4 30. Nd5 Bxd5 31. exd5 Rc2 32. Ke3 Nf4 33. Red1 0-1

[Event "Coventry op"]
[Site "Coventry"]
[Date "2023.02.19"]
[Round "5"]
[White "Verma, Shlok"]
[Black "Pilley, Jack"]
[Result "0-1"]
[WhiteElo "2035"]
[BlackElo "1716"]
[PlyCount "92"]
[EventDate "2023.02.18"]
[EventType "swiss"]
[EventRounds "5"]
[EventCountry "ENG"]
[SourceTitle "CBM 212 Extra"]
[Source "ChessBase"]
[SourceDate "2023.03.31"]
[SourceVersion "1"]
[SourceVersionDate "2023.03.31"]
[SourceQuality "1"]

1. d4 Nf6 2. c4 e6 3. Nf3 d5 4. Nc3 Be7 5. Bg5 h6 6. Bh4 0-0 7. e3 Nbd7 8. Bd3 c5 9. 0-0 b6 10. Qe2 Bb7 11. Rfd1 cxd4 12. Nxd4 Ne5 13. cxd5 Nxd3 14. Qxd3 Nxd5 15. Bxe7 Qxe7 16. Nxd5 Bxd5 17. e4 Bb7 18. f3 Rfd8 19. Rac1 Rac8 20. Rxc8 Bxc8 21. Qc2 Qc5 22. Rd2 Rxd4 23. Qxc5 bxc5 24. Rc2 c4 25. b3 Ba6 26. bxc4 Bxc4 27. Kf2 Bb5 28. Ke3 Ra4 29. g4 e5 30. Kf2 f6 31. Kg3 Bc4 32. a3 Kf7 33. h4 Ke6 34. h5 Bb5 35. Rc7 Rxa3 36. Rxg7 Be2 37. Rg6 Bxf3 38. Rxh6 Bxe4+ 39. Kh4 Ra4 40. Kg3 Kf7 41. Rh8 Kg7 42. Rc8 Bd5 43. Re8 Kh6 44. Re7 a5 45. Rd7 Rxg4+ 46. Kh3 Rd4 0-1